000 01080nam0a22002531 4500
001 rc\2669678
005 20110621113608.5
035 _a(NLR Aleph) 006975999
090 _a5487263
_c5487263
100 _a20110621d1932 |||y0rusy50 ca
101 0 _arus
102 _aRU
105 _aa z |||||
200 1 _aДинамомашины постоянного тока
_fК.И. Шенфер, проф. Моск. энергетич. ин-та, член-корреспондент Акад. наук СССР
205 _a3-е изд., испр. и доп.
210 _aМосква
_aЛенинград
_cВСНХ СССР
_cГос. энергетич. изд.
_d1932
_eЛенинград
_gтип. "Красный печатник"
215 _a348 с., 2 л. черт.
_cил., черт.
_d22×15 см
300 _a1-й экз. деф.: отсутствуют 2 л. черт.
700 1 _aШенфер
_bК. И.
_f1885-1946
_gКлавдий Ипполитович
801 0 _aRU
_bNLR
_gpsbo
801 1 _aRU
_bELAR
_2rusmarc
852 _aNLR
_j32-4/441
942 _cBOOK
980 _aNB